000 00339nam a2200157Ia 4500
003 OSt
005 20240312105831.0
008 170523s9999 xx 000 0 und d
020 _a9788120350342
040 _ciimtu meerut
100 _aSRINIVASAN- R
245 0 _aSERVICE MARKETING
260 _bPHI
260 _c2004
942 _2ddc
_c02
999 _c1502
_d1502